| 000 | 00567nam a2200193Ia 4500 | ||
|---|---|---|---|
| 008 | 151119s9999||||xx |||||||||||||| ||und|| | ||
| 082 | _a745 | ||
| 082 | _bGKKV1841 | ||
| 100 | _aगाला पब्लीशर्स | ||
| 245 | _aमनमोहक रंगवली | ||
| 260 | _a-- | ||
| 260 | _b-- | ||
| 260 | _c0 | ||
| 600 | _aगाला पब्लीशर्स | ||
| 630 | _aमनमोहक रंगवली | ||
| 700 | _aगाला पब्लीशर्स | ||
| 730 | _aमनमोहक रंगवली | ||
| 942 | _cBOOK | ||
| 999 |
_c1058029 _d1058026 |
||